<?xml version="1.0" encoding="UTF-8"?>
<record
    xmlns:xsi="http://www.w3.org/2001/XMLSchema-instance"
    xsi:schemaLocation="http://www.loc.gov/MARC21/slim http://www.loc.gov/standards/marcxml/schema/MARC21slim.xsd"
    xmlns="http://www.loc.gov/MARC21/slim">

  <leader>00188nam a2200073Ia 4500</leader>
  <controlfield tag="008">170817s9999    xx            000 0 und d</controlfield>
  <datafield tag="100" ind1=" " ind2=" ">
    <subfield code="a">RUHELA S.P.</subfield>
  </datafield>
  <datafield tag="245" ind1=" " ind2="0">
    <subfield code="a">CHILD CENTRED EDUCATION</subfield>
  </datafield>
  <datafield tag="260" ind1=" " ind2=" ">
    <subfield code="b">INTERNATIONAL PUB.MEERUT</subfield>
  </datafield>
  <datafield tag="999" ind1=" " ind2=" ">
    <subfield code="c">36399</subfield>
    <subfield code="d">36399</subfield>
  </datafield>
  <datafield tag="952" ind1=" " ind2=" ">
    <subfield code="0">0</subfield>
    <subfield code="1">0</subfield>
    <subfield code="2">ddc</subfield>
    <subfield code="4">0</subfield>
    <subfield code="7">0</subfield>
    <subfield code="a">07</subfield>
    <subfield code="b">07</subfield>
    <subfield code="d">2017-08-24</subfield>
    <subfield code="l">0</subfield>
    <subfield code="p">07-B-1879</subfield>
    <subfield code="r">2017-08-24</subfield>
    <subfield code="w">2017-08-24</subfield>
    <subfield code="y">01</subfield>
  </datafield>
  <datafield tag="952" ind1=" " ind2=" ">
    <subfield code="0">0</subfield>
    <subfield code="1">0</subfield>
    <subfield code="2">ddc</subfield>
    <subfield code="4">0</subfield>
    <subfield code="7">0</subfield>
    <subfield code="a">07</subfield>
    <subfield code="b">07</subfield>
    <subfield code="d">2017-08-24</subfield>
    <subfield code="l">0</subfield>
    <subfield code="p">07-B-1880</subfield>
    <subfield code="r">2017-08-24</subfield>
    <subfield code="w">2017-08-24</subfield>
    <subfield code="y">01</subfield>
  </datafield>
  <datafield tag="952" ind1=" " ind2=" ">
    <subfield code="0">0</subfield>
    <subfield code="1">0</subfield>
    <subfield code="2">ddc</subfield>
    <subfield code="4">0</subfield>
    <subfield code="7">0</subfield>
    <subfield code="a">07</subfield>
    <subfield code="b">07</subfield>
    <subfield code="d">2017-08-24</subfield>
    <subfield code="l">0</subfield>
    <subfield code="p">07-B-1881</subfield>
    <subfield code="r">2017-08-24</subfield>
    <subfield code="w">2017-08-24</subfield>
    <subfield code="y">01</subfield>
  </datafield>
  <datafield tag="952" ind1=" " ind2=" ">
    <subfield code="0">0</subfield>
    <subfield code="1">0</subfield>
    <subfield code="2">ddc</subfield>
    <subfield code="4">0</subfield>
    <subfield code="7">0</subfield>
    <subfield code="a">07</subfield>
    <subfield code="b">07</subfield>
    <subfield code="d">2017-08-24</subfield>
    <subfield code="l">0</subfield>
    <subfield code="p">07-B-1882</subfield>
    <subfield code="r">2017-08-24</subfield>
    <subfield code="w">2017-08-24</subfield>
    <subfield code="y">01</subfield>
  </datafield>
  <datafield tag="952" ind1=" " ind2=" ">
    <subfield code="0">0</subfield>
    <subfield code="1">0</subfield>
    <subfield code="2">ddc</subfield>
    <subfield code="4">0</subfield>
    <subfield code="7">0</subfield>
    <subfield code="a">07</subfield>
    <subfield code="b">07</subfield>
    <subfield code="d">2017-08-24</subfield>
    <subfield code="l">0</subfield>
    <subfield code="p">07-B-1883</subfield>
    <subfield code="r">2017-08-24</subfield>
    <subfield code="w">2017-08-24</subfield>
    <subfield code="y">01</subfield>
  </datafield>
  <datafield tag="952" ind1=" " ind2=" ">
    <subfield code="0">0</subfield>
    <subfield code="1">0</subfield>
    <subfield code="2">ddc</subfield>
    <subfield code="4">0</subfield>
    <subfield code="7">0</subfield>
    <subfield code="a">07</subfield>
    <subfield code="b">07</subfield>
    <subfield code="d">2017-08-24</subfield>
    <subfield code="l">0</subfield>
    <subfield code="p">07-B-2198</subfield>
    <subfield code="r">2017-08-24</subfield>
    <subfield code="w">2017-08-24</subfield>
  </datafield>
  <datafield tag="952" ind1=" " ind2=" ">
    <subfield code="0">0</subfield>
    <subfield code="1">0</subfield>
    <subfield code="2">ddc</subfield>
    <subfield code="4">0</subfield>
    <subfield code="7">0</subfield>
    <subfield code="a">07</subfield>
    <subfield code="b">07</subfield>
    <subfield code="d">2017-08-24</subfield>
    <subfield code="l">0</subfield>
    <subfield code="p">07-B-2199</subfield>
    <subfield code="r">2017-08-24</subfield>
    <subfield code="w">2017-08-24</subfield>
  </datafield>
  <datafield tag="952" ind1=" " ind2=" ">
    <subfield code="0">0</subfield>
    <subfield code="1">0</subfield>
    <subfield code="2">ddc</subfield>
    <subfield code="4">0</subfield>
    <subfield code="7">0</subfield>
    <subfield code="a">07</subfield>
    <subfield code="b">07</subfield>
    <subfield code="d">2017-08-24</subfield>
    <subfield code="l">0</subfield>
    <subfield code="p">07-B-2200</subfield>
    <subfield code="r">2017-08-24</subfield>
    <subfield code="w">2017-08-24</subfield>
  </datafield>
  <datafield tag="952" ind1=" " ind2=" ">
    <subfield code="0">0</subfield>
    <subfield code="1">0</subfield>
    <subfield code="2">ddc</subfield>
    <subfield code="4">0</subfield>
    <subfield code="7">0</subfield>
    <subfield code="a">07</subfield>
    <subfield code="b">07</subfield>
    <subfield code="d">2017-08-24</subfield>
    <subfield code="l">0</subfield>
    <subfield code="p">07-B-2201</subfield>
    <subfield code="r">2017-08-24</subfield>
    <subfield code="w">2017-08-24</subfield>
  </datafield>
  <datafield tag="952" ind1=" " ind2=" ">
    <subfield code="0">0</subfield>
    <subfield code="1">0</subfield>
    <subfield code="2">ddc</subfield>
    <subfield code="4">0</subfield>
    <subfield code="7">0</subfield>
    <subfield code="a">07</subfield>
    <subfield code="b">07</subfield>
    <subfield code="d">2017-08-24</subfield>
    <subfield code="l">0</subfield>
    <subfield code="p">07-B-2202</subfield>
    <subfield code="r">2017-08-24</subfield>
    <subfield code="w">2017-08-24</subfield>
  </datafield>
  <datafield tag="952" ind1=" " ind2=" ">
    <subfield code="0">0</subfield>
    <subfield code="1">0</subfield>
    <subfield code="2">ddc</subfield>
    <subfield code="4">0</subfield>
    <subfield code="7">0</subfield>
    <subfield code="a">07</subfield>
    <subfield code="b">07</subfield>
    <subfield code="d">2017-08-24</subfield>
    <subfield code="l">0</subfield>
    <subfield code="p">07-B-2203</subfield>
    <subfield code="r">2017-08-24</subfield>
    <subfield code="w">2017-08-24</subfield>
  </datafield>
  <datafield tag="952" ind1=" " ind2=" ">
    <subfield code="0">0</subfield>
    <subfield code="1">0</subfield>
    <subfield code="2">ddc</subfield>
    <subfield code="4">0</subfield>
    <subfield code="7">0</subfield>
    <subfield code="a">07</subfield>
    <subfield code="b">07</subfield>
    <subfield code="d">2017-08-24</subfield>
    <subfield code="l">0</subfield>
    <subfield code="p">07-B-2204</subfield>
    <subfield code="r">2017-08-24</subfield>
    <subfield code="w">2017-08-24</subfield>
  </datafield>
  <datafield tag="952" ind1=" " ind2=" ">
    <subfield code="0">0</subfield>
    <subfield code="1">0</subfield>
    <subfield code="2">ddc</subfield>
    <subfield code="4">0</subfield>
    <subfield code="7">0</subfield>
    <subfield code="a">07</subfield>
    <subfield code="b">07</subfield>
    <subfield code="d">2017-08-24</subfield>
    <subfield code="l">0</subfield>
    <subfield code="p">07-B-2205</subfield>
    <subfield code="r">2017-08-24</subfield>
    <subfield code="w">2017-08-24</subfield>
  </datafield>
  <datafield tag="952" ind1=" " ind2=" ">
    <subfield code="0">0</subfield>
    <subfield code="1">0</subfield>
    <subfield code="2">ddc</subfield>
    <subfield code="4">0</subfield>
    <subfield code="7">0</subfield>
    <subfield code="a">07</subfield>
    <subfield code="b">07</subfield>
    <subfield code="d">2017-08-24</subfield>
    <subfield code="l">0</subfield>
    <subfield code="p">07-B-2206</subfield>
    <subfield code="r">2017-08-24</subfield>
    <subfield code="w">2017-08-24</subfield>
  </datafield>
  <datafield tag="952" ind1=" " ind2=" ">
    <subfield code="0">0</subfield>
    <subfield code="1">0</subfield>
    <subfield code="2">ddc</subfield>
    <subfield code="4">0</subfield>
    <subfield code="7">0</subfield>
    <subfield code="a">07</subfield>
    <subfield code="b">07</subfield>
    <subfield code="d">2017-08-24</subfield>
    <subfield code="l">0</subfield>
    <subfield code="p">07-B-2207</subfield>
    <subfield code="r">2017-08-24</subfield>
    <subfield code="w">2017-08-24</subfield>
  </datafield>
</record>
